United Arab Emirates (Record no. 1898)
[ view plain ]
| 000 -LEADER | |
|---|---|
| fixed length control field | 00580nam a22001817a 4500 |
| 005 - DATE AND TIME OF LATEST TRANSACTION | |
| control field | 20140310181718.0 |
| 008 - FIXED-LENGTH DATA ELEMENTS--GENERAL INFORMATION | |
| fixed length control field | 130228t xxu||||| |||| 00| 0 eng d |
| 020 ## - INTERNATIONAL STANDARD BOOK NUMBER | |
| International Standard Book Number | 978-0-7614-5510-3 ( 0761455108 ) |
| 050 ## - LIBRARY OF CONGRESS CALL NUMBER | |
| Classification number | DS 247.T88 |
| Item number | .B461 2009 |
| 100 ## - MAIN ENTRY--PERSONAL NAME | |
| Personal name | Benesh, Gina Crocetti. |
| 245 ## - TITLE STATEMENT | |
| Title | United Arab Emirates |
| Remainder of title | a survival guide to customs and etiquette |
| Statement of responsibility, etc | Crocetti, Gina L. |
| 250 ## - EDITION STATEMENT | |
| Edition statement | [New ed.] |
| 260 ## - PUBLICATION, DISTRIBUTION, ETC. (IMPRINT) | |
| Place of publication, distribution, etc | Tarrytown, N.Y. : |
| Name of publisher, distributor, etc | Marshall Cavendish, |
| Date of publication, distribution, etc | 2009. |
| 300 ## - PHYSICAL DESCRIPTION | |
| Extent | 262 p. : |
| Other physical details | ill. (some col.), maps ; |
| Dimensions | 21cm. |
| 521 ## - TARGET AUDIENCE NOTE | |
| Target audience note | |
| 942 ## - ADDED ENTRY ELEMENTS (KOHA) | |
| Source of classification or shelving scheme | Library of Congress Classification |
| Koha item type | Books |
| Call number prefix | Foreign |
| Withdrawn status | Lost status | Source of classification or shelving scheme | Damaged status | Home library | Current library | Shelving location | Date acquired | Total Checkouts | Total Renewals | Full call number | Barcode | Date last seen | Date checked out | Copy number | Price effective from | Koha item type |
|---|---|---|---|---|---|---|---|---|---|---|---|---|---|---|---|---|
| Library of Congress Classification | College Library | College Library | General Circulation Section | 02/28/2013 | 2 | 2 | DS 247.T88 .B461 2009 | C16346 | 11/12/2024 | 11/08/2024 | 1 | 02/28/2013 | Books |